Pedro Figari, 1861-1938. (Record no. 857)

MARC details
000 -LEADER
campo de control de longitud fija 00585nam a22001577a 4500
008 - DATOS DE LONGITUD FIJA--INFORMACIÓN GENERAL
campo de control de longitud fija 160217b xxu||||| |||| 00| 0 eng d
082 ## - NÚMERO DE LA CLASIFICACIÓN DECIMAL DEWEY
Número de clasificación 709.2
Número de ítem F628p
100 ## - ENTRADA PRINCIPAL--NOMBRE DE PERSONA
Nombre de persona Pedro Figari
9 (RLIN) 4724
110 ## - ENTRADA PRINCIPAL--NOMBRE DE ENTIDAD CORPORATIVA
Nombre de entidad corporativa o nombre de jurisdicción como elemento de entrada Museo Municipal de Bellas Artes Juan Manuel Blanes.
9 (RLIN) 4725
245 ## - MENCIÓN DEL TÍTULO
Título Pedro Figari, 1861-1938.
Mención de responsabilidad, etc. Pedro Figari
260 ## - PUBLICACIÓN, DISTRIBUCIÓN, ETC.
Lugar de publicación, distribución, etc. Montevideo
Nombre del editor, distribuidor, etc. Museo Municipal de Bellas Artes Juan Manuel Blanes
Fecha de publicación, distribución, etc. 1999
300 ## - DESCRIPCIÓN FÍSICA
Extensión 57 p
Otras características físicas illustrations (some color)
Dimensiones 25 cm
600 ## - PUNTO DE ACCESO ADICIONAL DE MATERIA--NOMBRE DE PERSONA
Nombre de persona Pedro Figari
9 (RLIN) 4726
650 ## - PUNTO DE ACCESO ADICIONAL DE MATERIA--TÉRMINO DE MATERIA
Término de materia o nombre geográfico como elemento de entrada Exhibiciones
Subdivisión de forma Biografia
Subdivisión cronológica Arte Contemporaneo
Subdivisión geográfica Uruguay
9 (RLIN) 4727
700 ## - ENTRADA AGREGADA--NOMBRE PERSONAL
Nombre de persona Pedro Figari
9 (RLIN) 4728
Holdings
Estatus retirado Estado de pérdida Fuente del sistema de clasificación o colocación Estado de daño No para préstamo Biblioteca de origen Biblioteca actual Ubicación en estantería Fecha de adquisición Total de préstamos Signatura topográfica completa Código de barras Visto por última vez Precio de reemplazo Tipo de ítem Koha
    Clasificación Decimal Dewey     Biblioteca LadoV Biblioteca LadoV   17/02/2016   709.2 F628p 000756 17/02/2016 17/02/2016 Material 01